00325nam a2200133Ia 4500008004100000020001500041041001200056082001100068100001700079245005500096260002500151300000800176650000700184221030s9999 xx 000 0 und d a8120321359 aEnglish a105.23 aN. K. Sharda 0aMultimedia Information Networkingcby N. K. Sharda bPHIaNew Delhic2010 a480 aIT